000 00401nam a22000977a 4500
100 _aचौहान,कविता सिंह
_979945
245 _aबघेलखण्‍ड की लोक-कलाऍं विमर्श एवं पाठ
260 _aदिल्‍ली
_bअनंग प्रकाशन
_c2016
650 _aलाेक साहित्‍य
_949533
942 _cHIN
999 _c63484
_d63484